000 00684nam a2200241 i 4500
001 C2-0333340
003 PPAK
005 20180728133343.0
008 150903s2015 enka|||| ||||| | eng d
020 _a9781783442133
040 _aPPAK
_beng
_cPPAK
_erda
082 0 4 _a823
_223
090 0 0 _a823
_bSEE
_dK
100 1 _aSeeger, Laura Vaccaro,
_eauthor
245 1 0 _aBully
264 1 _aLondon :
_bAndersen Press ,
_c2015
300 _a[pages not identified] :
_bcolour illustrations ;
_c21 cm
336 _2rdacontent
_atext
337 _2rdamedia
_aunmediated
338 _2rdacarrier
_avolume
650 1 0 _aChildren stories, English. ; Bullies - Fiction.
942 _ddc
_cB
999 _c131878
_d131878